Quiz sur le 11e arrondissement de Paris - Statistiques

Statistiques générales
  • Ce quiz a été pris 32 fois
    13 depuis la dernière actualisation
  • Le résultat moyen est 11 sur 20
Statistiques - réponses
Question Réponse % Correct
Quel pharmacien et agronome, décédé dans sa maison au 68 rue du Chemin-Vert, est célèbre pour avoir promu les valeurs nutritionnelles de la pomme de terre ? Antoine Parmentier
85%
Quelle salle de spectacle, dont le nom fait référence à une opérette d'Offenbach, fut le lieu d'une attaque des attentats du 13 novembre 2015 ? Le Bataclan
85%
Quel centre d'art numérique aux expositions immersives, bâti sur l'ancienne fonderie du Chemin-Vert, a ouvert ses portes en 2018 ? L'Atelier des {Lumières}
77%
Le 11e arrondissement est le plus desservi par le métro, combien compte-t-il de stations (à 5 près) ? 25
69%
Quelle chanteuse française née au 72 rue de Belleville, interprète de La vie en rose, fait l'objet d'un musée privé dédié dans le 11e arrondissement ? Édith Piaf
69%
En quel matériau est sculptée la Marianne du Monument à la République ? En bronze
69%
Quel cirque portant le nom d'une saison, appartenant à la famille Bouglione depuis 1934, est le plus ancien cirque "en dur" au monde ? Le cirque d'Hiver
69%
En l'honneur de quelle révolution du XIXe siècle a été érigée la colonne de Juillet au centre de la place de la Bastille ? La révolution de Juillet / Les Trois Glorieuses
62%
Quel ancien Premier ministre, diplômé de l'École supérieure de commerce de Paris (ESCP), a effectué son mandat en moins de temps que le relais de la flamme olympique de Paris 2024 ? Michel Barnier
62%
Quel groupe de distribution et d'exploitation de salles de cinéma parisien, le troisième derrière UGC et Pathé-Gaumont, créé par Martin Karmitz inaugurait sa première salle en 1974 sur le boulevard de Beaumarchais ? mk2
62%
En quelle année symbolique a été dissout le Parlement de Paris (cour de justice du roi), institution présidée par Jean Ier de Popincourt au début du XVe siècle ? En 1789
54%
Quel homme politique socialiste, qui donne son nom à la place de la mairie du 11e, fut nommé président du Conseil en 1936 suite à la victoire du Front Populaire ? Léon Blum
54%
Quel chanteur français aux lunettes blanches iconiques, interprète de On ira tous au paradis, a grandi au 24 rue Oberkampf ? Michel Polnareff
54%
Quel commissaire de fiction fumant la pipe, créé par Georges Simenon, loge au 132 boulevard Richard-Lenoir ? Jules Maigret
46%
Quel faubourg, reliant la place de la Bastille à la place de la Nation, fut animé au cours de son histoire par de nombreuses émeutes et insurrections ? Le faubourg Saint-Antoine
46%
Nom de l'arrondissement Popincourt
38%
Quartiers administratifs Saint-Ambroise
31%
Quartiers administratifs Roquette
23%
Quartiers administratifs Folie-Méricourt
15%
Quartiers administratifs Sainte-Marguerite
15%
Aucun quiz correspondant
Distribution des résultats
% des personnes avec chaque résultat
Percentile par nombre de réponses
Votre historique - résultats
Vous n’avez pas pris ce quiz depuis la dernière actualisation